000 00540nam a2200193 a 4500
005 20140412111245.0
008 001117s19uu xx 00 eng d
020 _a0-663-38280-7
050 _aM 428.6
_bC51 1982
100 _aClymer, Theodore
245 _aFish and not fish /
_cTheodore Clymer and Richard L. Venezky.
260 _aLexington, MA :
_bGinn and Company,
_c1982.
300 _a68 p. ; col. ; ill.
440 _aGinn Reading Program, Level 3
526 _cPS
650 _aReading
999 _c102915
_d102915